| 000 | 00000nam##2200000za#4500 |
| 001 | 9.696816 |
| 003 | CaOODSP |
| 005 | 20210624235214 |
| 007 | cr ||||||||||| |
| 008 | 150407|1993||||xxc|||||o f|0| 0 eng|d |
| 040 | |aCaOODSP|beng |
| 043 | |an-cn--- |
| 086 | 1 |aE97-46/1993E-PDF |
| 110 | 1 |aCanada.|bInternational Development Research Centre. |
| 245 | 10|aTechnology, gender, and power in Africa / |h[electronic resource]|c[by] Patricia Stamp. |
| 260 | |aOttawa - Ontario : |bInternational Development Research Centre |cc1989. |
| 300 | |a199p.|bgraphs, references, tables |
| 500 | |a"Reprinted 1990,1993" |
| 590 | |a12-41-Supp|b2012-11-07 |
| 690 | 07|aGender equality|2gcpds |
| 690 | 07|aStatus of women|2gcpds |
| 690 | 07|aTechnology|2gcpds |
| 720 | 1 |aStamp, Patricia |
| 856 | 40|ahttp://publications.gc.ca|qPDF|s13.69 MB|uhttps://publications.gc.ca/collections/collection_2012/crdi-idrc/E97-46-1993-eng.pdf |